[Event "Concepcion Primera Categoria"]
[Site "Concepcion"]
[Date "2015.07.22"]
[Round "2"]
[White "Gutierrez Andrades, Victor Manu"]
[Black "Ruiz Zenteno, Leonardo Marcial"]
[Result "0-1"]
[WhiteElo "1659"]
[BlackElo "2017"]
[PlyCount "44"]
[EventDate "2015.07.20"]
[EventType "tourn"]
[EventRounds "9"]
[EventCountry "CHI"]
[SourceTitle "EXT 2024"]
[Source "ChessBase"]
[SourceDate "2023.10.10"]
[SourceVersion "1"]
[SourceVersionDate "2023.10.10"]
[SourceQuality "1"]

1. e4 c6 2. d4 d5 3. exd5 cxd5 4. c4 Nf6 5. Nc3 e6 6. Nf3 Be7 7. c5 0-0 8. Bd3 b6 9. b4 a5 10. Ba3 axb4 11. Bxb4 Na6 12. Bxa6 Bxa6 13. Ne2 bxc5 14. Bd2 Ne4 15. 0-0 Bf6 16. Be3 Qa5 17. Rc1 cxd4 18. Bxd4 Bxe2 19. Qxe2 Qxa2 20. Rc2 Qa6 21. Qe3 Rfc8 22. Ra1 Qxa1+ 0-1

[Event "Concepcion Primera Categoria"]
[Site "Concepcion"]
[Date "2015.07.22"]
[Round "1"]
[White "Sanhueza Ortiz, Gonzalo"]
[Black "Gutierrez Andrades, Victor Manu"]
[Result "1/2-1/2"]
[WhiteElo "1924"]
[BlackElo "1659"]
[PlyCount "107"]
[EventDate "2015.07.20"]
[EventType "tourn"]
[EventRounds "9"]
[EventCountry "CHI"]
[SourceTitle "EXT 2024"]
[Source "ChessBase"]
[SourceDate "2023.10.10"]
[SourceVersion "1"]
[SourceVersionDate "2023.10.10"]
[SourceQuality "1"]

1. d4 f5 2. c4 g6 3. Nc3 Bg7 4. f3 d6 5. e4 Nh6 6. Be2 Nf7 7. Be3 0-0 8. Qd2 c6 9. Nh3 a6 10. a4 e5 11. dxe5 dxe5 12. Qxd8 Rxd8 13. 0-0 f4 14. Bf2 Rd2 15. Rab1 a5 16. Rfd1 Rxd1+ 17. Rxd1 h6 18. Kf1 Na6 19. Na2 Nc7 20. Nc1 Ne6 21. Nb3 Bf8 22. Bg1 c5 23. Nf2 Nd4 24. Nc1 Ra6 25. Nfd3 Rb6 26. Bxd4 cxd4 27. b3 Kg7 28. Ke1 Kf6 29. Bf1 Nd8 30. Be2 Ne6 31. Rd2 Ba3 32. Bd1 Nc5 33. Nxc5 Bxc1 34. Ra2 Rc6 35. Nd3 Be3 36. Kf1 b6 37. Rc2 g5 38. Ra2 h5 39. h3 Rc7 40. Be2 Bb7 41. Ke1 Bc8 42. Bf1 g4 43. Rc2 gxf3 44. gxf3 Ba6 45. Nb2 Rg7 46. Rg2 Rg3 47. Rxg3 fxg3 48. Nd3 h4 49. Ke2 Ke6 50. Kd1 Bc8 51. Bg2 Bd7 52. Bf1 Be8 53. Bg2 Bh5 54. Ke2 1/2-1/2

[Event "Lautaro U2200 1st"]
[Site "Lautaro"]
[Date "2013.10.13"]
[Round "4.4"]
[White "Navarrete Sandoval, Francisco Javier"]
[Black "Gutierrez Andrades, Victor Manu"]
[Result "1-0"]
[WhiteElo "1811"]
[BlackElo "1694"]
[PlyCount "71"]
[EventDate "2013.10.12"]
[EventType "swiss"]
[EventRounds "6"]
[EventCountry "CHI"]
[SourceTitle "EXT 2024"]
[Source "ChessBase"]
[SourceDate "2023.10.10"]
[SourceVersion "1"]
[SourceVersionDate "2023.10.10"]
[SourceQuality "1"]

1. d4 f5 2. Bf4 d6 3. Nf3 Nf6 4. e3 Nbd7 5. Bd3 e6 6. 0-0 h6 7. c3 g5 8. Bg3 Bg7 9. Nbd2 0-0 10. Qb3 Qe7 11. Bxf5 d5 12. Bd3 c6 13. Ne5 Nxe5 14. Bxe5 b5 15. Rae1 Nh5 16. Bxg7 Nxg7 17. e4 a6 18. exd5 cxd5 19. Qd1 Qf6 20. Nb3 Ra7 21. Nc5 h5 22. Qe2 h4 23. g3 Re7 24. f4 hxg3 25. hxg3 gxf4 26. Rxf4 Qg5 27. Bh7+ Kxh7 28. Rxf8 Qxg3+ 29. Kh1 Qh3+ 30. Qh2 Qxh2+ 31. Kxh2 Bb7 32. Re5 Kg6 33. Rf1 Nf5 34. Nxe6 Rh7+ 35. Kg2 Rh5 36. Nf4+ 1-0

[Event "Lautaro U2200 1st"]
[Site "Lautaro"]
[Date "2013.10.12"]
[Round "3.2"]
[White "Gutierrez Andrades, Victor Manu"]
[Black "Borgeaud Fuentes, Oscar"]
[Result "0-1"]
[WhiteElo "1694"]
[BlackElo "1861"]
[PlyCount "72"]
[EventDate "2013.10.12"]
[EventType "swiss"]
[EventRounds "6"]
[EventCountry "CHI"]
[SourceTitle "EXT 2024"]
[Source "ChessBase"]
[SourceDate "2023.10.10"]
[SourceVersion "1"]
[SourceVersionDate "2023.10.10"]
[SourceQuality "1"]

1. e4 c5 2. Nf3 Nc6 3. d4 cxd4 4. Nxd4 Nf6 5. Nc3 e5 6. Nb3 Bb4 7. f3 d5 8. exd5 Nxd5 9. Bd2 Nxc3 10. Bxc3 Bxc3+ 11. bxc3 Qb6 12. Qd6 Bf5 13. 0-0-0 Qe3+ 14. Qd2 Qxd2+ 15. Rxd2 Ke7 16. Bd3 Be6 17. Nc5 Bxa2 18. c4 b6 19. Ne4 Na5 20. c5 bxc5 21. Nxc5 Rhc8 22. Be4 Rab8 23. Rd7+ Ke8 24. Rb7 Nxb7 25. Nxb7 Ke7 26. Rd1 g6 27. Na5 Rb1+ 28. Kd2 Rxd1+ 29. Kxd1 f5 30. Bd3 Be6 31. Ba6 Rc5 32. Nb3 Bxb3 33. cxb3 Kd6 34. Kd2 e4 35. fxe4 fxe4 36. Bc4 Rxc4 0-1